[Event "Bayern-chTT (RL Sued-West)"]
[Site "Bayern 2008/09"]
[Date "2008.11.30"]
[Round "3.4"]
[White "Buchner, Rudolf"]
[Black "Benedde, Guenter"]
[Result "1-0"]
[WhiteElo "2179"]
[BlackElo "1962"]
[PlyCount "74"]
[EventDate "2009.03.??"]
[EventType "team-tourn"]
[EventRounds "9"]
[WhiteTeam "München-Tarrasch 2"]
[BlackTeam "München-SuedOst 1"]

1. e4 e6 2. d4 d5 3. Nd2 Nf6 4. e5 Nfd7 5. Bd3 c5 6. c3 Nc6 7. Ne2 Be7 8. O-O
O-O 9. Nf3 Re8 10. Re1 Nf8 11. g3 Bd7 12. h4 cxd4 13. Nexd4 Rc8 14. Bg5 a6 15.
Qe2 h6 16. Bxe7 Qxe7 17. Nxc6 Bxc6 18. Nd4 Bd7 19. Rad1 f6 20. exf6 Qxf6 21.
Qe5 Qf7 22. Re3 Qf6 23. Rde1 Qxe5 24. Rxe5 g6 25. f4 Re7 26. h5 Rg7 27. hxg6
Nxg6 28. Bxg6 Rxg6 29. Kg2 Rf8 30. Nxe6 Bxe6 31. Rxe6 Rgf6 32. R1e5 Rxe6 33.
Rxe6 Kg7 34. Re7+ Rf7 35. Rxf7+ Kxf7 36. g4 Kf6 37. Kf3 b6 1-0

[Event "Bayern-chTT (RL Sued-West)"]
[Site "Bayern 2008/09"]
[Date "2008.11.30"]
[Round "3.6"]
[White "Trescher, Manfred"]
[Black "Abraham, Ludwig"]
[Result "1-0"]
[WhiteElo "2134"]
[BlackElo "1842"]
[PlyCount "81"]
[EventDate "2009.03.??"]
[EventType "team-tourn"]
[EventRounds "9"]
[WhiteTeam "München-Tarrasch 2"]
[BlackTeam "München-SuedOst 1"]

1. d4 d5 2. Nc3 Bf5 3. f3 c6 4. e4 Bg6 5. Be3 e6 6. Bd3 Be7 7. Nge2 Nf6 8. e5
Nfd7 9. f4 c5 10. dxc5 Nxc5 11. Bxg6 hxg6 12. Qd2 Nc6 13. O-O-O Qa5 14. Kb1 Rd8
15. Nd4 Nxd4 16. Bxd4 Qa6 17. g3 b6 18. h4 Rc8 19. Qf2 Na4 20. Nxa4 Qxa4 21.
Qe2 Qc4 22. Rd3 Bc5 23. Qd1 Bxd4 24. Rxd4 Qb5 25. a4 Qa6 26. b3 Rc3 27. g4 Ke7
28. f5 Rhc8 29. Rh2 b5 30. fxg6 bxa4 31. Rxa4 Qb6 32. gxf7 Kf8 33. Qd4 Qxd4 34.
Rxd4 Re3 35. Rf4 Rxe5 36. g5 Rc7 37. g6 Re1+ 38. Kb2 e5 39. Rb4 Rf1 40. Rb8+
Ke7 41. Re8+ 1-0

[Event "Bayern-chTT (RL Sued-West)"]
[Site "Bayern 2008/09"]
[Date "2008.11.30"]
[Round "3.7"]
[White "Eicher, David(60)"]
[Black "Schwarzberg, Ilja"]
[Result "0-1"]
[WhiteElo "1876"]
[BlackElo "2085"]
[PlyCount "37"]
[EventDate "2009.03.??"]
[EventType "team-tourn"]
[EventRounds "9"]
[WhiteTeam "München-SuedOst 1"]
[BlackTeam "München-Tarrasch 2"]

1. Nf3 d5 2. d4 Nc6 3. g3 Bg4 4. Bg2 Nf6 5. O-O e6 6. Bf4 Bd6 7. Bxd6 cxd6 8.
Nc3 Qb6 9. Na4 Qa5 10. c3 b5 11. Nc5 dxc5 12. dxc5 O-O 13. Nd2 b4 14. Nb3 Qb5
15. f3 Bh5 16. cxb4 Qxb4 17. Rc1 a5 18. a3 Qb8 19. Qd2 0-1

[Event "Bayern-chTT (RL Sued-West)"]
[Site "Bayern 2008/09"]
[Date "2008.11.30"]
[Round "3.8"]
[White "Rasch, Gerhard"]
[Black "Eicher, Lukas"]
[Result "1-0"]
[WhiteElo "2078"]
[BlackElo "1599"]
[PlyCount "63"]
[EventDate "2009.03.??"]
[EventType "team-tourn"]
[EventRounds "9"]
[WhiteTeam "München-Tarrasch 2"]
[BlackTeam "München-SuedOst 1"]

1. c4 Nf6 2. g3 g6 3. Bg2 Bg7 4. Nc3 c6 5. e4 e5 6. Nge2 O-O 7. O-O Qb6 8. d3
d6 9. Rb1 Nbd7 10. b4 a6 11. a4 Qc7 12. f4 Qb6+ 13. Kh1 Ng4 14. Qe1 Ne3 15.
Bxe3 Qxe3 16. Rf3 Qb6 17. f5 Nf6 18. h3 gxf5 19. exf5 d5 20. c5 Qc7 21. g4 h6
22. Qg3 Qe7 23. h4 d4 24. Ne4 Nxe4 25. dxe4 Bf6 26. g5 hxg5 27. hxg5 Bh8 28. f6
Qe6 29. Ng1 Qg4 30. Qh2 Re8 31. Rh3 Bg7 32. Rh7 1-0

[Event "Bayern-chTT (RL Sued-West)"]
[Site "Bayern 2008/09"]
[Date "2008.11.30"]
[Round "3.1"]
[White "Trassl, Franz"]
[Black "Schenk, Uwe Dr(64)"]
[Result "1-0"]
[WhiteElo "2111"]
[BlackElo "2150"]
[PlyCount "59"]
[EventDate "2009.03.??"]
[EventType "team-tourn"]
[EventRounds "9"]
[WhiteTeam "Krumbach 2"]
[BlackTeam "Sonthofen 1"]

1. d4 g6 2. e4 Bg7 3. Nf3 d6 4. Bc4 Nf6 5. Qe2 O-O 6. Nc3 Nc6 7. e5 Nd7 8. e6
fxe6 9. Bxe6+ Kh8 10. Be3 Nb6 11. Bxc8 Qxc8 12. O-O-O d5 13. h4 Qg4 14. Rh3
Rad8 15. h5 gxh5 16. Rg3 Qf5 17. Rg5 Qf6 18. Rxh5 Nc4 19. Rdh1 Nxe3 20. Rxh7+
Kg8 21. fxe3 Qg6 22. R7h5 e6 23. Rg5 Qf6 24. Qd3 Rf7 25. Qh7+ Kf8 26. Rg6 Qf5
27. Rh5 Nxd4 28. Rxf5 Nxf5 29. Ng5 Re7 30. Nxe6+ 1-0

[Event "Bayern-chTT (RL Sued-West)"]
[Site "Bayern 2008/09"]
[Date "2008.11.30"]
[Round "3.2"]
[White "Pleyer, Felix"]
[Black "Jussupow, Alexander"]
[Result "1-0"]
[WhiteElo "1997"]
[BlackElo "2047"]
[PlyCount "81"]
[EventDate "2009.03.??"]
[EventType "team-tourn"]
[EventRounds "9"]
[WhiteTeam "Sonthofen 1"]
[BlackTeam "Krumbach 2"]

1. e4 e6 2. d4 d5 3. Nd2 dxe4 4. Nxe4 Be7 5. Nf3 Nf6 6. Bd3 Nbd7 7. c3 Nxe4 8.
Bxe4 Nf6 9. Bc2 Bd7 10. Ne5 Bb5 11. Qf3 Qd5 12. Qxd5 exd5 13. a4 Ba6 14. b4 b6
15. Bg5 Ne4 16. Bxe4 dxe4 17. Bxe7 Kxe7 18. b5 Bb7 19. Kd2 f6 20. Nc4 Rad8 21.
a5 Bd5 22. Ne3 Be6 23. axb6 axb6 24. Ra7 Kd6 25. c4 f5 26. Kc3 f4 27. Nc2 Bf5
28. Rha1 Rd7 29. R1a6 Ke7 30. Nb4 e3 31. fxe3 fxe3 32. Nd5+ Rxd5 33. cxd5 Kd6
34. Ra8 Bc8 35. Ra1 Kxd5 36. Re1 Re8 37. Ra7 Re7 38. h3 Bf5 39. Ra2 Ke4 40.
Raa1 Bd7 41. Rxe3+ 1-0

[Event "Bayern-chTT (RL Sued-West)"]
[Site "Bayern 2008/09"]
[Date "2008.11.30"]
[Round "3.3"]
[White "Lutz, Albert(45)"]
[Black "Schweier, Lorenz"]
[Result "1-0"]
[WhiteElo "2084"]
[BlackElo "1998"]
[PlyCount "139"]
[EventDate "2009.03.??"]
[EventType "team-tourn"]
[EventRounds "9"]
[WhiteTeam "Krumbach 2"]
[BlackTeam "Sonthofen 1"]

1. d4 Nf6 2. Nf3 d6 3. c4 c6 4. g3 g6 5. Bg2 Bg7 6. O-O O-O 7. Nc3 a5 8. Qc2
Na6 9. e4 Qc7 10. Re1 e5 11. b3 Bg4 12. Be3 Rfe8 13. Nh4 Nb4 14. Qd2 Rad8 15.
h3 Bc8 16. Rac1 b6 17. d5 Nd7 18. a3 Na6 19. Rb1 Bb7 20. Red1 c5 21. Nb5 Qb8
22. Re1 Nf8 23. f4 Nc7 24. Nc3 Rd7 25. Nf3 f6 26. fxe5 dxe5 27. Nh4 Nce6 28.
Rf1 Nd4 29. b4 axb4 30. axb4 Qc7 31. Qb2 cxb4 32. Qxb4 Nc2 33. Bxb6 Nxb4 34.
Bxc7 Nxd5 35. Nxd5 Bxd5 36. cxd5 Rxc7 37. Rbc1 Rec8 38. Rxc7 Rxc7 39. Rd1 Rc3
40. Kf2 Nd7 41. Nf3 Bh6 42. Ne1 Be3+ 43. Ke2 Bd4 44. Rd3 Rc1 45. Ra3 Kf7 46. h4
f5 47. exf5 gxf5 48. Bh3 Kf6 49. Rf3 Nc5 50. Bxf5 Ke7 51. Bxh7 Kd6 52. Bg8 e4
53. Rf8 Ra1 54. Nc2 Ra2 55. Kd1 Bc3 56. Rb8 Rb2 57. Rd8+ Ke7 58. Rc8 Na4 59.
Rc4 Rb8 60. Rxe4+ Kd6 61. Re6+ Kc5 62. Rc6+ Kb5 63. Be6 Ba5 64. Nd4+ Kb4 65.
Ke2 Rf8 66. Nf5 Nb6 67. g4 Nc4 68. Rxc4+ Kxc4 69. g5 Kc5 70. g6 1-0

[Event "Bayern-chTT (RL Sued-West)"]
[Site "Bayern 2008/09"]
[Date "2008.11.30"]
[Round "3.4"]
[White "Oberhofer, Max"]
[Black "Link, Ulrich Dr"]
[Result "1-0"]
[WhiteElo "1996"]
[BlackElo "2112"]
[PlyCount "121"]
[EventDate "2009.03.??"]
[EventType "team-tourn"]
[EventRounds "9"]
[WhiteTeam "Sonthofen 1"]
[BlackTeam "Krumbach 2"]

1. g3 e5 2. Bg2 d5 3. d3 Nf6 4. Nf3 Nbd7 5. O-O Bd6 6. Nbd2 O-O 7. Nh4 Nb6 8.
e4 c6 9. c3 Bg4 10. Qc2 Qd7 11. Re1 Rad8 12. Nf1 Bh3 13. Bg5 Bxg2 14. Kxg2 Qe6
15. Rad1 h6 16. Bd2 dxe4 17. dxe4 Qxa2 18. Ra1 Qe6 19. Rxa7 Rd7 20. h3 Nc4 21.
Bc1 Bc5 22. Ra1 Nd6 23. b3 Rfd8 24. Bb2 Nh7 25. Nf3 Ng5 26. Nxg5 hxg5 27. Rad1
Nb5 28. Rxd7 Qxd7 29. Qc1 g4 30. hxg4 Qxg4 31. Nh2 Qd7 32. b4 Bb6 33. c4 Nd4
34. c5 Bc7 35. Rd1 Qe6 36. Qe3 Qc4 37. Bc3 Nb5 38. Rxd8+ Bxd8 39. Bxe5 Qxb4 40.
Ng4 f5 41. Nh6+ gxh6 42. exf5 Qc4 43. Bb2 Qd5+ 44. Kh2 Qf7 45. Qe5 Kf8 46. Qh8+
Ke7 47. f6+ Kd7 48. Qg7 Ke6 49. Qg4+ Kd5 50. Qd1+ Kxc5 51. Qxd8 Nc7 52. Qd4+
Kb5 53. Qd3+ Kb6 54. Qe3+ c5 55. Qxh6 Kb5 56. Kg1 Qa2 57. Qc1 Qe6 58. Qe3 Kc6
59. Qxe6+ Nxe6 60. f7 Kb5 61. Bg7 1-0

[Event "Bayern-chTT (RL Sued-West)"]
[Site "Bayern 2008/09"]
[Date "2008.11.30"]
[Round "3.5"]
[White "Riedel, Lutz"]
[Black "Hopfauf, Fridolin"]
[Result "1-0"]
[WhiteElo "1981"]
[BlackElo "2084"]
[PlyCount "83"]
[EventDate "2009.03.??"]
[EventType "team-tourn"]
[EventRounds "9"]
[WhiteTeam "Krumbach 2"]
[BlackTeam "Sonthofen 1"]

1. c4 Nf6 2. g3 g6 3. Bg2 Bg7 4. Nc3 O-O 5. d3 d6 6. Bg5 h6 7. Bd2 Nc6 8. Nf3
Bg4 9. O-O Qd7 10. Rb1 Bh3 11. Ne4 Nxe4 12. dxe4 Bxg2 13. Kxg2 Qe6 14. Qc2 f5
15. exf5 Rxf5 16. Qd3 Raf8 17. Nh4 Ne5 18. Qd5 R5f6 19. Qxe6+ Rxe6 20. b3 g5
21. Nf3 Nxf3 22. exf3 Re2 23. Rfd1 c5 24. Kf1 Re6 25. Re1 Kf7 26. Rxe6 Kxe6 27.
Ke2 Be5 28. Be3 b6 29. Rh1 Kf5 30. h4 Kg6 31. hxg5 hxg5 32. Kd3 e6 33. Ke4 Rf5
34. Rd1 Bd4 35. Bxd4 d5+ 36. cxd5 exd5+ 37. Ke3 cxd4+ 38. Rxd4 Re5+ 39. Kd2 Rf5
40. f4 gxf4 41. g4 Re5 42. Rxf4 1-0

[Event "Bayern-chTT (RL Sued-West)"]
[Site "Bayern 2008/09"]
[Date "2008.11.30"]
[Round "3.6"]
[White "Kuhnert, Josef"]
[Black "Maurer, Rainer(63)"]
[Result "1/2-1/2"]
[WhiteElo "1963"]
[BlackElo "1911"]
[PlyCount "44"]
[EventDate "2009.03.??"]
[EventType "team-tourn"]
[EventRounds "9"]
[WhiteTeam "Sonthofen 1"]
[BlackTeam "Krumbach 2"]

1. d4 Nf6 2. Bg5 e6 3. Nd2 h6 4. Bh4 d5 5. e3 Be7 6. Bd3 Nbd7 7. f4 c5 8. c3 b6
9. Ngf3 Bb7 10. O-O Ne4 11. Bxe7 Qxe7 12. Ne5 Nxe5 13. fxe5 O-O 14. Bxe4 dxe4
15. Qg4 Qg5 16. Rf4 f5 17. exf6 Rxf6 18. Qxg5 hxg5 19. Rg4 cxd4 20. exd4 e3 21.
Nf3 Raf8 22. Re1 Bxf3 1/2-1/2

[Event "Bayern-chTT (RL Sued-West)"]
[Site "Bayern 2008/09"]
[Date "2008.11.30"]
[Round "3.7"]
[White "Gulde, Josef(49)"]
[Black "Maugg, Ludwig"]
[Result "0-1"]
[WhiteElo "1862"]
[BlackElo "1956"]
[PlyCount "123"]
[EventDate "2009.03.??"]
[EventType "team-tourn"]
[EventRounds "9"]
[WhiteTeam "Krumbach 2"]
[BlackTeam "Sonthofen 1"]

1. c4 c5 2. Nc3 Nc6 3. g3 g6 4. Bg2 Bg7 5. e4 e5 6. Nge2 Nge7 7. O-O d6 8. d3
O-O 9. Be3 Nd4 10. h3 Rb8 11. Qd2 Bxh3 12. Bxd4 Bxg2 13. Kxg2 cxd4 14. Nd1 b5
15. f3 bxc4 16. dxc4 Nc6 17. Nf2 Qa5 18. Qxa5 Nxa5 19. b3 f5 20. Rh1 Rf7 21.
Raf1 Nc6 22. g4 fxg4 23. fxg4 Nb4 24. Nc1 Nc2 25. Nd1 Rbf8 26. Rxf7 Rxf7 27.
Nd3 Bf6 28. Rf1 Be7 29. Rxf7 Kxf7 30. Kf3 a5 31. Ke2 Bg5 32. c5 Ke7 33. N1b2
Ne3 34. Kf3 Kd7 35. a3 Bf6 36. b4 axb4 37. axb4 dxc5 38. bxc5 Kc6 39. Na4 Nc4
40. Nb4+ Kb5 41. Nb6 Kxb4 42. Nd5+ Kxc5 43. Nxf6 h6 44. Ke2 Nb6 45. Kd3 Kd6 46.
Ng8 Nd7 47. Ke2 h5 48. gxh5 gxh5 49. Nh6 Ke7 50. Kf3 Kf6 51. Nf5 Kg5 52. Kg3
Nc5 53. Nd6 h4+ 54. Kf3 Nb3 55. Nc4 Kf6 56. Kg4 d3 57. Kxh4 d2 58. Ne3 Nc5 59.
Kg4 Nxe4 60. Kf3 Nc3 61. Ng4+ Ke6 62. Nf2 0-1

[Event "Bayern-chTT (RL Sued-West)"]
[Site "Bayern 2008/09"]
[Date "2008.11.30"]
[Round "3.8"]
[White "Froehlich, Rainer(37)"]
[Black "Fischer, Ernst(68)"]
[Result "1-0"]
[WhiteElo "1908"]
[BlackElo "1854"]
[PlyCount "93"]
[EventDate "2009.03.??"]
[EventType "team-tourn"]
[EventRounds "9"]
[WhiteTeam "Sonthofen 1"]
[BlackTeam "Krumbach 2"]

1. c4 g6 2. Nc3 Bg7 3. g3 d6 4. Bg2 Nc6 5. Nf3 e5 6. d3 Nge7 7. Bd2 O-O 8. O-O
f5 9. Qc1 Kh8 10. Bh6 Nd4 11. Bxg7+ Kxg7 12. Nxd4 exd4 13. Nb5 Nc6 14. Bxc6
bxc6 15. Nxd4 c5 16. Nf3 Rb8 17. Qc3+ Qf6 18. Qxf6+ Kxf6 19. b3 Re8 20. Rfe1
Bb7 21. Nd2 Re7 22. e3 Rbe8 23. Rab1 a5 24. a3 g5 25. b4 axb4 26. axb4 cxb4 27.
Rxb4 Bc6 28. Ra1 Ra8 29. Rxa8 Bxa8 30. Rb8 Bc6 31. Nb3 Be8 32. Nd4 Bg6 33. Nb5
f4 34. e4 fxg3 35. hxg3 Be8 36. Nxc7 Rxc7 37. Rxe8 Ra7 38. d4 Ra4 39. Rc8 Ke6
40. Rc7 h6 41. g4 Rb4 42. Kg2 Ra4 43. Kg3 Ra3+ 44. f3 Ra4 45. Rh7 Rxc4 46.
Rxh6+ Ke7 47. d5 1-0

[Event "Bayern-chTT (RL Sued-West)"]
[Site "Bayern 2008/09"]
[Date "2008.11.30"]
[Round "3.1"]
[White "Hoy, Bernd"]
[Black "Dengler, Peter"]
[Result "1-0"]
[WhiteElo "2239"]
[BlackElo "2246"]
[PlyCount "85"]
[EventDate "2009.03.??"]
[EventType "team-tourn"]
[EventRounds "9"]
[WhiteTeam "Klosterlechfeld 1"]
[BlackTeam "Unterhaching 1"]

1. d4 Nf6 2. Nf3 g6 3. c4 Bg7 4. g3 O-O 5. Bg2 d5 6. cxd5 Nxd5 7. O-O Nc6 8. e4
Nb6 9. d5 Na5 10. Qc2 c6 11. dxc6 Nxc6 12. Rd1 Bd7 13. Nc3 Rc8 14. Bg5 h6 15.
Bf4 e5 16. Be3 Nc4 17. Bc5 Nd4 18. Nxd4 Rxc5 19. Nb3 Rc8 20. Bh3 f5 21. Nd2
Nxd2 22. Rxd2 Qe7 23. Nd5 Qf7 24. Qb3 Be6 25. exf5 gxf5 26. Qd1 Rcd8 27. Nc3
Rd4 28. Ne2 Rxd2 29. Qxd2 Bxa2 30. Nc3 Bc4 31. Rxa7 Qc7 32. Bf1 Be6 33. Nb5 Qc6
34. Ra1 e4 35. Rc1 Qb6 36. Rc7 Rf7 37. Qd8+ Kh7 38. Qe8 Rxc7 39. Nxc7 Bb3 40.
Qd7 Qf6 41. Bh3 Kg6 42. Ne8 Qf7 43. Bxf5+ 1-0

[Event "Bayern-chTT (RL Sued-West)"]
[Site "Bayern 2008/09"]
[Date "2008.11.30"]
[Round "3.2"]
[White "Schmidt, Gerhard(40)"]
[Black "Hornung, Hans Dr"]
[Result "1/2-1/2"]
[WhiteElo "2171"]
[BlackElo "2033"]
[PlyCount "120"]
[EventDate "2009.03.??"]
[EventType "team-tourn"]
[EventRounds "9"]
[WhiteTeam "Unterhaching 1"]
[BlackTeam "Klosterlechfeld 1"]

1. d4 e6 2. Nf3 Nf6 3. c4 c5 4. e3 b6 5. Nc3 d6 6. Be2 Be7 7. O-O O-O 8. b3 Bb7
9. d5 e5 10. e4 Ne8 11. a3 Nd7 12. g4 Kh8 13. Kh1 g6 14. Rg1 Ng7 15. Bh6 Nf6
16. b4 Bc8 17. h3 Ng8 18. Qd2 f6 19. bxc5 bxc5 20. Rab1 Rf7 21. Kh2 Bf8 22. Be3
Qe8 23. Nh4 Be7 24. Ng2 f5 25. f3 f4 26. Bf2 g5 27. Rh1 Qd8 28. Rb3 Nf6 29. Ne1
Kg8 30. Qb2 Bd7 31. Nd3 h5 32. Rb1 Nge8 33. Kg2 Rh7 34. Be1 Nxg4 35. hxg4 hxg4
36. fxg4 Nf6 37. Rb8 Rxb8 38. Qxb8 Bc8 39. Bf2 Qf8 40. Rh1 Rf7 41. Bf3 Nxg4 42.
Bxg4 Bxg4 43. Qxf8+ Bxf8 44. Bxc5 Rb7 45. Bb4 Kg7 46. Rc1 Bh5 47. Nb5 Be2 48.
Nf2 g4 49. Bxd6 Bf3+ 50. Kg1 Bxd6 51. Nxd6 Rb2 52. Nf5+ Kf6 53. Nh4 Be2 54.
Nxg4+ Bxg4 55. c5 Kg5 56. Nf5 Bf3 57. c6 Rg2+ 58. Kf1 Rh2 59. Rc3 Bxe4 60. Ne7
Rh1+ 1/2-1/2

[Event "Bayern-chTT (RL Sued-West)"]
[Site "Bayern 2008/09"]
[Date "2008.11.30"]
[Round "3.3"]
[White "Heinrich, Lorenz"]
[Black "Broschwitz, Martin"]
[Result "1/2-1/2"]
[WhiteElo "2042"]
[BlackElo "2086"]
[PlyCount "35"]
[EventDate "2009.03.??"]
[EventType "team-tourn"]
[EventRounds "9"]
[WhiteTeam "Klosterlechfeld 1"]
[BlackTeam "Unterhaching 1"]

1. e4 c6 2. Nc3 d5 3. Nf3 dxe4 4. Nxe4 Bg4 5. Bc4 e6 6. h3 Bh5 7. Ng3 Bxf3 8.
Qxf3 Nf6 9. c3 Bd6 10. d4 Nbd7 11. O-O O-O 12. Bf4 Qc7 13. Bxd6 Qxd6 14. Rfe1
Qc7 15. Nh5 Nxh5 16. Qxh5 c5 17. dxc5 Qxc5 18. Qe2 1/2-1/2

[Event "Bayern-chTT (RL Sued-West)"]
[Site "Bayern 2008/09"]
[Date "2008.11.30"]
[Round "3.4"]
[White "Czap, Bernhard"]
[Black "Heinrich, Helmut(60)"]
[Result "0-1"]
[WhiteElo "2061"]
[BlackElo "2006"]
[PlyCount "132"]
[EventDate "2009.03.??"]
[EventType "team-tourn"]
[EventRounds "9"]
[WhiteTeam "Unterhaching 1"]
[BlackTeam "Klosterlechfeld 1"]

1. e4 Nf6 2. Nc3 d5 3. e5 d4 4. exf6 dxc3 5. fxg7 cxd2+ 6. Bxd2 Bxg7 7. Qf3 Qd4
8. Bc3 Qg4 9. Bxg7 Qxg7 10. O-O-O Nc6 11. Qf4 e5 12. Qe3 Bd7 13. g3 O-O-O 14.
Bg2 Kb8 15. Ne2 h5 16. Qb3 Qh6+ 17. Kb1 Bg4 18. Rxd8+ Rxd8 19. Nc3 Be6 20. Qb5
a6 21. Qc5 Qd2 22. Bxc6 bxc6 23. Qxe5 Qxf2 24. Qxh5 Rd2 25. Qh8+ Kb7 26. Qh4
Rxc2 27. Qb4+ Kc8 28. Rd1 c5 29. Qa3 Bc4 30. Ka1 Qe3 31. Nb1 Qf2 32. Qa4 Bb5
33. Qf4 Qxf4 34. gxf4 Rxh2 35. Nc3 Bc6 36. Rf1 Kd7 37. a3 Rh1 38. Rxh1 Bxh1 39.
Ka2 c4 40. Nd1 Kd6 41. Ne3 Bd5 42. Kb1 Be4+ 43. Kc1 Kc5 44. Kd2 Kd4 45. Nd1 Bf3
46. Nc3 Bg4 47. Na4 Bh3 48. Nc3 Bf1 49. Ke1 Bd3 50. Kd2 c6 51. Na4 Bf1 52. Ke1
Bh3 53. Kd2 Bg4 54. Nc3 Bc8 55. Na4 Ke4 56. Kc3 Kxf4 57. Kxc4 Ke3 58. Kc5 Be6
59. Kxc6 f5 60. Nc3 Bb3 61. Kc5 Kd2 62. Kb4 Be6 63. a4 Bg8 64. a5 f4 65. Ne4+
Kc2 66. Nc5 Bd5 0-1

[Event "Bayern-chTT (RL Sued-West)"]
[Site "Bayern 2008/09"]
[Date "2008.11.30"]
[Round "3.5"]
[White "Birnbaum, Karsten"]
[Black "Demir, Bilal"]
[Result "1/2-1/2"]
[WhiteElo "1933"]
[BlackElo "2063"]
[PlyCount "42"]
[EventDate "2009.03.??"]
[EventType "team-tourn"]
[EventRounds "9"]
[WhiteTeam "Klosterlechfeld 1"]
[BlackTeam "Unterhaching 1"]

1. d4 f5 2. Nf3 g6 3. c4 Nf6 4. Nc3 Bg7 5. e3 d6 6. Be2 O-O 7. Qc2 Nc6 8. a3 e5
9. d5 Ne7 10. b4 c6 11. dxc6 bxc6 12. Bb2 Qc7 13. Rc1 h6 14. O-O g5 15. Rfd1
Ng6 16. Qd2 g4 17. Ne1 Ne8 18. Nb5 Qe7 19. Nxd6 Qg5 20. Nxc8 Rxc8 21. b5 Nf6
1/2-1/2

[Event "Bayern-chTT (RL Sued-West)"]
[Site "Bayern 2008/09"]
[Date "2008.11.30"]
[Round "3.6"]
[White "Sann, Michael"]
[Black "King, Alexander"]
[Result "0-1"]
[WhiteElo "2019"]
[BlackElo "1887"]
[PlyCount "120"]
[EventDate "2009.03.??"]
[EventType "team-tourn"]
[EventRounds "9"]
[WhiteTeam "Unterhaching 1"]
[BlackTeam "Klosterlechfeld 1"]

1. d4 Nf6 2. c4 c5 3. d5 b5 4. cxb5 a6 5. b6 Qxb6 6. Nc3 g6 7. e4 d6 8. Be2 Bg7
9. Nf3 Bg4 10. Nd2 Bxe2 11. Qxe2 O-O 12. O-O Qb7 13. Nc4 Nfd7 14. Kh1 Nb6 15.
Ne3 N8d7 16. f4 Rac8 17. f5 Ne5 18. fxg6 fxg6 19. Bd2 Nbd7 20. Rxf8+ Rxf8 21.
Rb1 Nf6 22. b3 Qc8 23. Rf1 Nfg4 24. Ncd1 Nxe3 25. Nxe3 Rxf1+ 26. Qxf1 Qf8 27.
Kg1 Qc8 28. h3 Qb7 29. Nc4 Nxc4 30. Qxc4 Bd4+ 31. Kh1 Qc8 32. Bc3 Bxc3 33. Qxc3
Qf8 34. Qc4 Qf4 35. Qxa6 Qc1+ 36. Kh2 Qf4+ 37. Kg1 Qc1+ 38. Qf1 Qe3+ 39. Kh1
Qxe4 40. Qd1 Qb4 41. Qe2 Kf8 42. Qf3+ Kg8 43. Qe3 Kf8 44. a4 Kf7 45. Kh2 Ke8
46. Qd3 Qf4+ 47. Qg3 Qd4 48. Qf3 Qe5+ 49. Kg1 Qe1+ 50. Qf1 Qe3+ 51. Kh1 Qxb3
52. Qa1 Qxd5 53. a5 Kd7 54. a6 Qa8 55. Qa5 Qa7 56. Qb5+ Kc7 57. Kh2 d5 58. g3
d4 59. Kg2 Qb6 60. Qa4 Qc6+ 0-1

[Event "Bayern-chTT (RL Sued-West)"]
[Site "Bayern 2008/09"]
[Date "2008.11.30"]
[Round "3.7"]
[White "Jahn, Manuel"]
[Black "Barth, Thomas(57)"]
[Result "1-0"]
[WhiteElo "1748"]
[BlackElo "1895"]
[PlyCount "71"]
[EventDate "2009.03.??"]
[EventType "team-tourn"]
[EventRounds "9"]
[WhiteTeam "Klosterlechfeld 1"]
[BlackTeam "Unterhaching 1"]

1. d4 Nf6 2. Nc3 c5 3. Nf3 cxd4 4. Nxd4 Nc6 5. h3 g6 6. e4 d6 7. Bb5 Bd7 8.
Nxc6 bxc6 9. Bc4 Bg7 10. O-O O-O 11. Be3 Qa5 12. Rb1 Rab8 13. Qd2 Rfd8 14. f4
Qc7 15. Qf2 Be6 16. Bxe6 fxe6 17. e5 Nd5 18. Nxd5 exd5 19. Bxa7 Rb7 20. exd6
Qxd6 21. Bd4 Bxd4 22. Qxd4 Rb4 23. Qd2 Rf8 24. f5 gxf5 25. Qg5+ Qg6 26. Qxe7
Re4 27. Qc5 f4 28. Rf2 Rc4 29. Qe7 Re8 30. Qd7 Re3 31. Rbf1 Rg3 32. Re1 Re4 33.
Rxe4 Qxe4 34. Qd8+ Kg7 35. Qc7+ Kg8 36. Qxf4 1-0

[Event "Bayern-chTT (RL Sued-West)"]
[Site "Bayern 2008/09"]
[Date "2008.11.30"]
[Round "3.8"]
[White "Sobik, Bodo"]
[Black "Regal, Christian"]
[Result "0-1"]
[WhiteElo "1885"]
[BlackElo "1549"]
[PlyCount "94"]
[EventDate "2009.03.??"]
[EventType "team-tourn"]
[EventRounds "9"]
[WhiteTeam "Unterhaching 1"]
[BlackTeam "Klosterlechfeld 1"]

1. e4 c5 2. Bc4 d6 3. Nc3 g6 4. d3 Bg7 5. h3 Nc6 6. Nf3 Nf6 7. O-O Nd7 8. a4
Nde5 9. Bb5 Bd7 10. Bxc6 bxc6 11. Bf4 Nxf3+ 12. Qxf3 Rb8 13. Rab1 O-O 14. Qe2
Qa5 15. e5 Rb4 16. Bg3 Rfb8 17. b3 c4 18. dxc4 Bxe5 19. Bxe5 dxe5 20. Rbd1 R4b7
21. Qe3 Bf5 22. Rd2 Rd8 23. Rfd1 Rbd7 24. Rxd7 Rxd7 25. Rxd7 Bxd7 26. Ne4 Bf5
27. f3 a6 28. Kf2 f6 29. Ke2 Kf7 30. Kd1 Bxe4 31. Qxe4 Qc5 32. Kd2 Qf2+ 33. Kc1
Qxg2 34. Qxc6 Qxh3 35. b4 Qh4 36. Qe4 Qxe4 37. fxe4 Ke8 38. a5 Kd7 39. b5 axb5
40. cxb5 Kc7 41. c4 h5 42. c5 h4 43. a6 h3 44. b6+ Kb8 45. c6 h2 46. c7+ Kc8
47. a7 h1=Q+ 0-1

[Event "Bayern-chTT (RL Sued-West)"]
[Site "Bayern 2008/09"]
[Date "2008.11.30"]
[Round "3.1"]
[White "Rogobete, Nikolas Johann"]
[Black "Fauth, Dietmar Dr"]
[Result "1/2-1/2"]
[WhiteElo "2148"]
[BlackElo "2170"]
[PlyCount "66"]
[EventDate "2009.03.??"]
[EventType "team-tourn"]
[EventRounds "9"]
[WhiteTeam "Türkheim 1"]
[BlackTeam "München-Siemens 1"]

1. e4 c5 2. Nf3 Nc6 3. d4 cxd4 4. Nxd4 Nf6 5. Nc3 d6 6. Be2 e5 7. Nb3 Be7 8.
O-O O-O 9. Kh1 Be6 10. f4 exf4 11. Bxf4 d5 12. exd5 Nxd5 13. Nxd5 Qxd5 14. Bf3
Qc4 15. Be2 Qb4 16. Qd3 Rad8 17. a3 Rxd3 18. axb4 Rd7 19. Nc5 Bxc5 20. bxc5 Nd4
21. Bd3 a6 22. Bd6 Rc8 23. Rae1 Nb5 24. Bxb5 axb5 25. Ra1 Bd5 26. Rfe1 Rdd8 27.
Re5 Bc6 28. Kg1 f6 29. Re7 Re8 30. Rae1 Rxe7 31. Rxe7 Re8 32. Rxe8+ Bxe8 33.
Kf2 Bg6 1/2-1/2

[Event "Bayern-chTT (RL Sued-West)"]
[Site "Bayern 2008/09"]
[Date "2008.11.30"]
[Round "3.2"]
[White "Ruether, Rudolf"]
[Black "Antemia, Paul"]
[Result "1-0"]
[WhiteElo "2105"]
[BlackElo "2088"]
[PlyCount "107"]
[EventDate "2009.03.??"]
[EventType "team-tourn"]
[EventRounds "9"]
[WhiteTeam "München-Siemens 1"]
[BlackTeam "Türkheim 1"]

1. d4 Nf6 2. c4 e6 3. Nc3 Bb4 4. e3 b6 5. Bd3 Bb7 6. Nge2 O-O 7. O-O d5 8. a3
Bd6 9. Ng3 Bxg3 10. hxg3 Ne4 11. Bd2 f5 12. Be1 Qg5 13. cxd5 exd5 14. Qf3 Nd7
15. Qf4 Qd8 16. Rc1 c6 17. g4 fxg4 18. Qxg4 Ndf6 19. Qh4 Nxc3 20. Bxc3 Ne4 21.
Qxd8 Raxd8 22. f3 Ng3 23. Rfe1 g6 24. b4 Nf5 25. a4 Rfe8 26. Kf2 h5 27. Bxf5
gxf5 28. Rh1 Rd7 29. Rxh5 Rf7 30. Bd2 Re6 31. Rch1 Kf8 32. Rh8+ Ke7 33. R1h7
Ref6 34. Kg3 Rg6+ 35. Kf4 Rxg2 36. Rxf7+ Kxf7 37. Rh7+ Rg7 38. Rxg7+ Kxg7 39.
Kxf5 Kf7 40. Ke5 Ke7 41. b5 c5 42. dxc5 bxc5 43. f4 Kd7 44. Bc3 Ke7 45. Bb2 Kd7
46. Ba3 c4 47. Bb2 a6 48. bxa6 Bc6 49. a7 Ba8 50. Bd4 Bc6 51. f5 Ba8 52. f6 Bc6
53. Bc3 Ba8 54. Bb4 1-0